Widok standardowy
Widok MARC
- Świdwin (woj. zachodniopomorskie)
Pozycja Nazwa geograficzna
Liczba rekordów, w których użyto hasła: 1
001 - NUMER KONTROLNY
- pole kontrolne: 7125
003 - IDENTYFIKATOR NUMERU KONTROLNEGO
- pole kontrolne: KOSZ 005
005 - DATA I GODZINA OSTATNIEJ MODYFIKACJI
- pole kontrolne: 20180419091558.0
008 - ELEMENTY DANYCH STAŁEJ DŁUGOŚCI
- pole kontrolne stałej długości: 180419|| aca||aabn | a|a d
040 ## - ŹRÓDŁO OPISU
- Instytucja, która jako pierwsza sporządziła opis: KOSZ 005
- Instytucja, która utworzyła rekord: KOSZ 005
151 ## - DESKRYPTOR GEOGRAFICZNY
- Deskryptor geograficzny: Świdwin (woj. zachodniopomorskie)
670 ## - ŹRÓDŁO, W KTÓRYM ZNALEZIONO DANE
- Źródło, w którym znaleziono dane: Work cat.: (KOSZ 005)0: 4425 POLAK, Bogusław. Wyższa Szkoła Inżynierska w Koszalinie - Instytut Zarządzania i Marketingu, Katedra Nauk Humanistycznych 1979 - 1996., Świdwin 1296-1996 :, 1996.
